000
00306nam a22001217a 4500
020
_a
NA
082
_2
22
_a
338.5
100
_a
Mansfield edwin.
245
_a
Applied micro economics /
260
_a
W.W Norton and company,
_b
W.W Norton and company,
_c
c1994
300
_a
684 p,;
_b
NA
_c
24cm
942
_2
ddc
_c
GEN
999
_c
1739
_d
1739